Esperando el tsunami

Saved in:
Bibliografiske detaljer
Hovedforfatter: Galleguillos Carmona, Héctor Flavio (Author)
Format: Bog
Sprog:spansk
Udgivet: Viña del Mar Ediciones Altazor 2013
Fag:
Tags: Tilføj Tag
Ingen Tags, Vær først til at tagge denne postø!

MARC

LEADER 00000cam a2200000 a 4500
001 UCF8675
003 CL-VaPUC
008 130930e20130000cl |||||||||||||||||spa|d
020 |a 9789569205132 
082 0 4 |a 861  |b GAL  |2 21 
100 |a Galleguillos Carmona, Héctor Flavio  |e author  |9 570818 
245 1 0 |a Esperando el tsunami 
300 |a 57 p 
942 |c BK 
945 |d 20130930 13:19:00  |a dcastane 
260 |a Viña del Mar  |b Ediciones Altazor  |c 2013 
650 0 |a Literatura chilena   |9 308278 
650 0 |a Poesías chilenas   |9 265280 
583 |a last modification  |c 20130930 13:19:00  |k Rodrigo Vera 
999 |c 353242  |d 353240 
952 |0 0  |1 0  |3 erb  |4 0  |6 861_000000000000000_GAL_2013  |7 0  |8 C  |9 458330  |a BIBCUR  |b BIBCUR  |d 2019-11-23  |i 5012848  |o 861 GAL 2013  |p 5012848  |r 2025-04-22  |w 2019-11-23  |y BK  |z Catalogado en:20130930  |k CAC 
952 |0 0  |1 0  |3 erb  |4 0  |6 861_000000000000000_GAL_2013  |7 0  |8 A  |9 458331  |a BIBING  |b BIBING  |d 2019-11-23  |i 5012279  |o 861 GAL 2013  |p 5012279  |r 2025-01-20  |w 2019-11-23  |y BK  |z Catalogado en:20130930  |k CUI